| 000 | 00513nam a2200157Ia 4500 | ||
|---|---|---|---|
| 008 | 231217s9999 xx 000 0 und d | ||
| 041 | _aEnglish | ||
| 082 | _a001.6424UML QUA R | ||
| 100 | _aQuatrani, Terry Booch, Grady ed Jacobson, Ivan ed | ||
| 245 | 0 | _aVisual modeling with rational rose 2002 and UML | |
| 260 |
_c2003 _bPearson Education (Singapore) _aDelhi |
||
| 300 | _axix+256 | ||
| 400 | _aAddison-Wesley object technology series | ||
| 650 | _aVisual,modeling,rational,rose,2002,UML | ||
| 942 | _cAA | ||
| 999 |
_c173641 _d173641 |
||